Clubs of German 2. Bundesliga 2022/2023 - Statistics

General Stats
  • This quiz has been taken 150 times
  • The average score is 14 of 18
Answer Stats
Vereine % Correct
Hamburger SV
96%
Hannover 96
89%
SV Darmstadt 98
89%
1. FC Heidenheim
85%
Arminia Bielefeld
84%
SpVgg Greuther Fürth
84%
1. FC Kaiserslautern
82%
FC St. Pauli
82%
1. FC Nürnberg
81%
Fortuna Düsseldorf
80%
Holstein Kiel
78%
1. FC. Magdeburg
77%
Eintracht Braunschweig
77%
SV Sandhausen
75%
Hansa Rostock
74%
Karlsruher SC
72%
SSV Jahn Regensburg
72%
SC Paderborn 07
71%
No matching quizzes found
Score Distribution
Percent of People with Each Score
Percentile by Number Answered
Your Score History
You have not taken this quiz